Stamp duty and registration fee : (Record no. 27116)
[ view plain ]
| 000 -LEADER | |
|---|---|
| fixed length control field | 00530nam a2200157Ia 4500 |
| 041 ## - LANGUAGE CODE | |
| Language code of text/sound track or separate title | English |
| 082 ## - DEWEY DECIMAL CLASSIFICATION NUMBER | |
| Classification number | RP.0328 |
| 100 ## - MAIN ENTRY--AUTHOR NAME | |
| Personal name | Purohit, Vishnu Kanta |
| Affiliation | Foundation for public economics and policy research |
| 245 #0 - TITLE STATEMENT | |
| Title | Stamp duty and registration fee : |
| Sub Title | issues in policy and governance / |
| Statement of responsibility, etc | Vishnu Kanta Purohit |
| 260 ## - PUBLICATION, DISTRIBUTION, ETC. (IMPRINT) | |
| Place of publication | New Delhi : |
| Name of publisher/Sponsor | Indian Council oF Social Science Research, |
| Year of publication | 2017 |
| 300 ## - PHYSICAL DESCRIPTION | |
| Number of Pages | vi, 165p. |
| 650 ## - SUBJECT ADDED ENTRY--TOPICAL TERM | |
| Topical Term | Stamp duty |
| 650 ## - SUBJECT ADDED ENTRY--TOPICAL TERM | |
| Topical Term | Policy and governance |
| 700 ## - ADDED ENTRY--PERSONAL NAME | |
| Personal name | Purohit, Mahesh C |
| 942 ## - ADDED ENTRY ELEMENTS (KOHA) | |
| Source of classification or shelving scheme | Dewey Decimal Classification |
| Koha item type | Books |
| Withdrawn status | Lost status | Damaged status | Not for loan | Collection code | Home library | Current library | Date acquired | Source of acquisition | Full call number | Accession Number | Price effective from | Koha item type |
|---|---|---|---|---|---|---|---|---|---|---|---|---|
| Not For Loan | ICSSR Research Project Reports | NASSDOC Library | NASSDOC Library | 24/11/2021 | Gifted by: RP Division ICSSR | RP.0328 | 51748 | 21/12/2021 | Research Reports |
